Welcome to the Holygrace Academy Library

Please use search bar below to get started

NETAJI SUBHAS CHANDRA BOSE (Record no. 5818)

MARC details
000 -LEADER
fixed length control field 00288nam a22001217a 4500
082 ## - DEWEY DECIMAL CLASSIFICATION NUMBER
Classification number 920
Item number KHA/S
100 ## - MAIN ENTRY--AUTHOR NAME
Personal name KHATAI,S.W
245 ## - TITLE STATEMENT
Title NETAJI SUBHAS CHANDRA BOSE
260 ## - PUBLICATION, DISTRIBUTION, ETC. (IMPRINT)
Place of publication BANGALORE
Name of publisher VASAN BOOK DEPOT
300 ## - PHYSICAL DESCRIPTION
Number of Pages 48
650 ## - SUBJECT ADDED ENTRY--TOPICAL TERM
Topical Term ABOUT SUBHASH CHANDRA BOSE
Geographic subdivision BANGALORE
942 ## - ADDED ENTRY ELEMENTS (KOHA)
Koha item type Books
Holdings
Withdrawn status Lost status Collection code Home library Current library Shelving location Date acquired Source of acquisition Full call number Accession Number Koha item type
    Reference Main Library Main Library SHELF-17-J-BIOGRAPHIES & AUTOBIOGRAPHIES 28/03/2003 PURCHASE 920 KHA/S 00886 Books
    Reference Main Library Main Library SHELF-17-K-BIOGRAPHIES & AUTOBIOGRAPHIES 28/03/2003 PURCHASE 920 KHA/S 00876 Books